000 01042nam a22002177a 4500
005 20150124124221.0
008 121209t mx||||| |||| 00| 0 spa d
050 0 4 _aHG2720 .M6
_bB54 [1964?]
110 1 _aMéxico.
_bBanco Nacional Hipotecario Urbano y de Obras Públicas. Consejo de Administración.
245 1 0 _aMemoria 1959-1964 /
_c[Banco Nacional Hipotecario Urbano y de Obras Públicas. Consejo de Administración].
250 _a1a ed.
260 _a[México] :
_b[Banco Nacional Hipotecario Urbano y de Obras Públicas],
_c[1964?]
300 _a188 p. :
_bil., gráfs. ;
_c23 cm.
504 _6Incluye índice
610 1 7 _2LEMB
_aMéxico.
_bBanco Nacional Hipotecario Urbano y de Obras Públicas.
_xInformes
_y1959-1964
610 1 7 _2LEMB
_aMéxico.
_bBanco Nacional de Obras y Servicios Públicos (BANOBRAS)
_xHistoria
650 7 _2LEMB
_aBancos y banca
_xHistoria
_zMéxico
651 7 _2LEMB
_aObras públicas
_xCrédito
_zMéxico
710 1 _aMéxico.
_bBanco Nacional Hipotecario Urbano y de Obras Públicas.
942 _2lcc
_cLIB
999 _c35713
_d35713